000 00675nam a2200241Ia 4500
003 OSt
005 20220918181913.0
006 a|||||r|||| 00| 0
007 ta
008 220917b |||||||| |||| 00| 0 eng d
024 _a29,176
037 _cTextual
040 _aARTS
_cARTS
_beng
041 _2eng
_aeng
082 _aO111,3N592,1, N8
100 _aVirani Pinki
_959432
245 0 _aAruna's story
_b The true account of a rape and its aftermath
260 _aNew Delhi
_bViking India
_c1998
300 _axi, 256p.
_ccm.
650 _aENGLISH LITERATURE
942 _hO111,3N592,1, N8
_cTEXL
_2CC
999 _c167186
_d167186